| 000 | 00667 a2200145 4500 | ||
|---|---|---|---|
| 082 | _a004 | ||
| 100 |
_aM. Umais Mahmood _992603 |
||
| 245 |
_aDesign and development of a network outages management system for cellular networks _cM. Umais Mahmood, Sohail Mahmood & Zaheer ud Din Shami |
||
| 260 |
_aIslamabad : _bNUST School of Electrical Engineering & Computer Science, _c2010. |
||
| 300 |
_a129 p. : _bill. ; _c27 cm. + _e1CD ROM |
||
| 500 | _aSupervisors : Ms. Madeeha Owais, Mr. Khalid Latif, Mr. Nauman Khan. | ||
| 700 |
_aSohail Mahmood & Zaheer ud Din Shami _992604 |
||
| 856 | _uhttp://10.250.8.41:8080/xmlui/handle/123456789/10757 | ||
| 942 |
_cPR _kBICSE-4 UMA _2ddc |
||
| 999 |
_c10242 _d10242 |
||